Adeline and Julia (Record no. 122204)
[ view plain ]
| 000 -LEADER | |
|---|---|
| fixed length control field | 02605nam a2200517 a 4500 |
| 082 04 - DEWEY DECIMAL CLASSIFICATION NUMBER | |
| Classification number | 977.4/11 |
| 100 1# - MAIN ENTRY--AUTHOR NAME | |
| Personal name | Graham, Adeline, |
| 245 10 - TITLE STATEMENT | |
| Title | Adeline and Julia |
| 260 ## - PUBLICATION, DISTRIBUTION, ETC. (IMPRINT) | |
| Place of publication | East Lansing : |
| Name of publisher | Michigan State University Press, |
| Year of publication | c2000. |
| 300 ## - PHYSICAL DESCRIPTION | |
| Number of Pages | viii, 237 p. : |
| Other physical details | ill. |
| 500 ## - GENERAL NOTE | |
| General note | Annotated diaries of two young sisters, Adeline and Julia Graham, written during their adolescent years growing up in Berrien Springs, Michigan in the 1880s. Also includes Julia's diary from the year she spent homesteading with three other young women on the Kansas frontier. |
| 505 0# - FORMATTED CONTENTS NOTE | |
| Formatted contents note | pt. 1. Growing up in Michigan : the diary of Adeline Graham -- pt. 2. Julia Graham's Kansas adventure : the diary of Julia Graham. |
| 650 #0 - SUBJECT ADDED ENTRY--TOPICAL TERM | |
| Topical Term | Sisters |
| Topical Term | Young women |
| Topical Term | Frontier and pioneer life |
| Topical Term | Frontier and pioneer life |
| Topical Term | Young women |
| 700 1# - ADDED ENTRY--PERSONAL NAME | |
| Personal name | Graham, Julia, |
| Personal name | Coryell, Janet L., |
| Personal name | Myers, Robert C. |
| Personal name | Armitage, Susan. |
| 856 40 - ELECTRONIC LOCATION AND ACCESS | |
| Uniform Resource Identifier | http://site.ebrary.com/lib/rucke/Doc?id=10514522 |
No items available.
